The
Leo Rabbit searches far and wide for a perfect gift for Lisa Rabbit, only to find it standing right in front of him
Guardado en:
| Autor principal: | |
|---|---|
| Otros Autores: | |
| Lenguaje: | Undetermined English |
| Publicado: |
New York
Stewart, Tabori & Chang
2007
|
| Materias: | |
| Etiquetas: |
Agregar Etiqueta
Sin Etiquetas, Sea el primero en etiquetar este registro!
|
| Thư viện lưu trữ: | Trung tâm Học liệu Trường Đại học Trà Vinh |
|---|
| LEADER | 00735nam a2200265Ia 4500 | ||
|---|---|---|---|
| 001 | TVU_19421 | ||
| 008 | 210423s9999 xx 000 0 und d | ||
| 020 | |a 1584796588 | ||
| 020 | |a 9781584796589 | ||
| 041 | |a eng | ||
| 082 | |a 813.6 | ||
| 082 | |b H204 | ||
| 100 | |a Henry, Rohan | ||
| 245 | 4 | |a The | |
| 245 | 0 | |c Rohan Henry | |
| 260 | |a New York | ||
| 260 | |b Stewart, Tabori & Chang | ||
| 260 | |c 2007 | ||
| 300 | |a 1 v. (unpaged) | ||
| 300 | |b ill. | ||
| 300 | |c 15 cm | ||
| 520 | |a Leo Rabbit searches far and wide for a perfect gift for Lisa Rabbit, only to find it standing right in front of him | ||
| 650 | |a Rabbits; Gifts; Friendship | ||
| 700 | |a Rohan Henry | ||
| 980 | |a Trung tâm Học liệu Trường Đại học Trà Vinh | ||


